Pays et Capitale qui ont le même nom. - Statistiques

Statistiques générales
  • Ce quiz a été pris 517 fois
  • Le résultat moyen est 5 sur 9
Statistiques - réponses
Continent Pays/Capital % Correct
Europe Luxembourg
82%
Europe Monaco
81%
Europe Vatican
78%
Europe Saint-Marin
68%
Amérique Panama
53%
Asie Singapour
49%
Amérique Guatemala
48%
Afrique Djibouti
45%
Asie Koweït
32%
Aucun quiz correspondant
Distribution des résultats
% des personnes avec chaque résultat
Percentile par nombre de réponses
Votre historique - résultats
Vous n’avez pas pris ce quiz